[Event "Bundesliga 2425"]
[Site "Germany"]
[Date "2025.04.26"]
[Round "14.7"]
[White "Kramer, Julian"]
[Black "Neuman, Petr"]
[Result "1-0"]
[WhiteElo "2494"]
[BlackElo "2422"]
[PlyCount "117"]
[EventDate "2024.09.28"]
[EventType "team-tourn"]
[EventRounds "15"]
[EventCountry "GER"]
[SourceTitle "CB18_2025"]
[SourceDate "2025.04.30"]
[SourceVersion "1"]
[SourceVersionDate "2025.04.30"]
[SourceQuality "1"]
[WhiteTeam "Hamburger SK"]
[BlackTeam "Bad Mergentheim"]
[WhiteTeamCountry "GER"]
[BlackTeamCountry "GER"]

1. e4 c5 2. Nf3 Nc6 3. Bb5 g6 4. 0-0 Bg7 5. d3 Nf6 6. Nc3 0-0 7. e5 Ne8 8. Bxc6 dxc6 9. h3 Nc7 10. a4 Be6 11. b3 Bd5 12. Nxd5 Qxd5 13. Re1 Ne6 14. Bb2 f5 15. h4 h6 16. Qd2 Rad8 17. Rad1 Qd7 18. Qe2 g5 19. hxg5 hxg5 20. Qe3 Qe8 21. d4 g4 22. Nh2 Qh5 23. dxc5 Kf7 24. Rxd8 Rxd8 25. f4 Rh8 26. Qg3 Nxc5 27. Nf1 e6 28. Nd2 Bf8 29. Kf1 Be7 30. Qe3 g3 31. Bd4 b6 32. a5 Rd8 33. Qf3 Qh4 34. Be3 bxa5 35. Ke2 Rd5 36. Ra1 a4 37. bxa4 a5 38. Ra3 Ne4 39. Rd3 Nxd2 40. Rxd2 Bb4 41. Rxd5 cxd5 42. Bd4 Qh1 43. c3 Be7 44. Qf1 Qh8 45. Ke3 Qh5 46. Bb6 Qh8 47. Bxa5 Qa8 48. Bb6 Qxa4 49. Kf3 Bh4 50. Bd4 Qc2 51. Qe2 Qb1 52. Bc5 Kg6 53. Bd4 Kf7 54. Bc5 Ke8 55. Bd4 Kd7 56. Bc5 Kc6 57. Qa6+ Kc7 58. Qd6+ Kb7 59. Qd7+ 1-0

[Event "Dublin Easter IM"]
[Site "Dublin"]
[Date "2025.04.20"]
[Round "7"]
[White "Collins, Adam"]
[Black "Neuman, Petr"]
[Result "1/2-1/2"]
[WhiteElo "2205"]
[BlackElo "2418"]
[PlyCount "30"]
[EventDate "2025.04.17"]
[EventType "tourn"]
[EventRounds "9"]
[EventCountry "IRL"]
[SourceTitle "CB17_2025"]
[SourceDate "2025.04.23"]
[SourceVersion "1"]
[SourceVersionDate "2025.04.23"]
[SourceQuality "1"]

1. d4 d6 2. Nf3 Nf6 3. g3 Nbd7 4. c4 e5 5. Nc3 c6 6. e4 Be7 7. Bg2 0-0 8. 0-0 Re8 9. h3 Bf8 10. Be3 a6 11. a4 exd4 12. Nxd4 a5 13. Qc2 Nc5 14. Rad1 Qb6 15. Rfe1 Be6 1/2-1/2

[Event "Dublin Easter IM"]
[Site "Dublin"]
[Date "2025.04.20"]
[Round "6"]
[White "Neuman, Petr"]
[Black "Petrenko, Maryna"]
[Result "1-0"]
[WhiteElo "2418"]
[BlackElo "2156"]
[PlyCount "75"]
[EventDate "2025.04.17"]
[EventType "tourn"]
[EventRounds "9"]
[EventCountry "IRL"]
[SourceTitle "CB17_2025"]
[SourceDate "2025.04.23"]
[SourceVersion "1"]
[SourceVersionDate "2025.04.23"]
[SourceQuality "1"]

1. d4 d5 2. c4 e6 3. Nc3 c6 4. e3 Nf6 5. Nf3 Nbd7 6. Bd3 dxc4 7. Bxc4 b5 8. Bd3 Bb7 9. e4 b4 10. Na4 c5 11. e5 Nd5 12. 0-0 cxd4 13. Re1 a6 14. Nxd4 g6 15. Qg4 N7b6 16. Bg5 Be7 17. Nc5 Qc7 18. Bxe7 Qxe7 19. Ne4 0-0 20. h4 Nd7 21. Nf3 Nc5 22. Nxc5 Qxc5 23. Ng5 Qe7 24. Ne4 Rad8 25. Bc4 Kg7 26. Bxd5 Rxd5 27. Nf6 Rd2 28. h5 Rfd8 29. Rad1 Rxd1 30. h6+ Kh8 31. Rxd1 Bd5 32. Qf4 Ba8 33. Rxd8+ Qxd8 34. Qxb4 Qc8 35. Kh2 Bc6 36. Qe7 Qb8 37. f4 Bxg2 38. Qxf7 1-0

[Event "Dublin Easter IM"]
[Site "Dublin"]
[Date "2025.04.19"]
[Round "4"]
[White "Neuman, Petr"]
[Black "Dunnington, Angus J"]
[Result "1/2-1/2"]
[WhiteElo "2418"]
[BlackElo "2231"]
[PlyCount "23"]
[EventDate "2025.04.17"]
[EventType "tourn"]
[EventRounds "9"]
[EventCountry "IRL"]
[SourceTitle "CB17_2025"]
[SourceDate "2025.04.23"]
[SourceVersion "1"]
[SourceVersionDate "2025.04.23"]
[SourceQuality "1"]

1. e4 g6 2. d4 Bg7 3. c4 c5 4. d5 d6 5. Nc3 e6 6. f4 Ne7 7. Nf3 0-0 8. Be2 exd5 9. cxd5 Bg4 10. 0-0 Bxf3 11. Bxf3 Nd7 12. Be3 1/2-1/2

[Event "Dublin Easter IM"]
[Site "Dublin"]
[Date "2025.04.19"]
[Round "5"]
[White "Nguyen, Hong Nhung"]
[Black "Neuman, Petr"]
[Result "1/2-1/2"]
[WhiteElo "2207"]
[BlackElo "2418"]
[PlyCount "59"]
[EventDate "2025.04.17"]
[EventType "tourn"]
[EventRounds "9"]
[EventCountry "IRL"]
[SourceTitle "CB17_2025"]
[SourceDate "2025.04.23"]
[SourceVersion "1"]
[SourceVersionDate "2025.04.23"]
[SourceQuality "1"]

1. e4 c5 2. Nc3 d6 3. f4 g6 4. Nf3 Bg7 5. Bc4 Nc6 6. 0-0 e6 7. d3 Nge7 8. Qe1 h6 9. Qh4 a6 10. a4 Nd4 11. Nxd4 cxd4 12. Ne2 d5 13. exd5 exd5 14. Bb3 Be6 15. Bd2 Nc6 16. Qg3 0-0 17. f5 Bxf5 18. Nf4 Ne7 19. Bb4 Re8 20. Bxe7 Rxe7 21. Nxd5 Re5 22. Nf4 Re3 23. Qf2 Qg5 24. Nd5 Re5 25. Rae1 Rae8 26. Rxe5 Rxe5 27. Nf4 Re3 28. Nd5 Re5 29. Nf4 Re3 30. Nd5 1/2-1/2

[Event "Bundesliga 2425"]
[Site "Germany"]
[Date "2025.03.23"]
[Round "11.3"]
[White "Neuman, Petr"]
[Black "Smeets, Jan"]
[Result "0-1"]
[WhiteElo "2422"]
[BlackElo "2543"]
[PlyCount "76"]
[EventDate "2024.09.28"]
[EventType "team-tourn"]
[EventRounds "15"]
[EventCountry "GER"]
[SourceTitle "CB13_2025"]
[SourceDate "2025.03.26"]
[SourceVersion "1"]
[SourceVersionDate "2025.03.26"]
[SourceQuality "1"]
[WhiteTeam "Bad Mergentheim"]
[BlackTeam "Solingen"]
[WhiteTeamCountry "GER"]
[BlackTeamCountry "GER"]

1. e4 c5 2. Nf3 d6 3. c3 Nf6 4. Be2 g6 5. 0-0 Bg7 6. Bb5+ Nc6 7. e5 Nd5 8. d4 0-0 9. dxc5 dxe5 10. Qe2 Qc7 11. Rd1 Rd8 12. Na3 Bf5 13. Bc4 Nf6 14. Be3 e4 15. Nd4 Ng4 16. g3 Nxe3 17. Qxe3 a6 18. Nxf5 gxf5 19. Be2 Ne5 20. b4 Rxd1+ 21. Rxd1 Rd8 22. Rxd8+ Qxd8 23. Nc2 e6 24. a3 Qd5 25. Kg2 Nd3 26. Nd4 h6 27. f3 Bxd4 28. cxd4 Ne1+ 29. Kf1 Nc2 30. Qc3 Nxd4 31. Bc4 Qd8 32. f4 Nb5 33. Bxb5 axb5 34. Ke1 Qd5 35. Qd2 Kf8 36. Qc3 Ke7 37. h3 h5 38. Kf2 f6 0-1

[Event "Plzen GM 13th"]
[Site "Plzen"]
[Date "2025.03.19"]
[Round "6"]
[White "Neuman, Petr"]
[Black "Mattenberger, Matthias"]
[Result "1-0"]
[WhiteElo "2421"]
[BlackElo "2338"]
[PlyCount "131"]
[EventDate "2025.03.15"]
[EventType "tourn"]
[EventRounds "9"]
[EventCountry "CZE"]
[EventCategory "6"]
[SourceTitle "CB13_2025"]
[SourceDate "2025.03.26"]
[SourceVersion "1"]
[SourceVersionDate "2025.03.26"]
[SourceQuality "1"]

1. e4 c5 2. Nf3 d6 3. c3 Nf6 4. Be2 Bd7 5. e5 Ng4 6. exd6 exd6 7. d4 Be7 8. 0-0 0-0 9. Na3 Nf6 10. dxc5 dxc5 11. Ne5 Be6 12. Bf3 Qc8 13. Bf4 Rd8 14. Qe2 Bd5 15. Rad1 Bxf3 16. Qxf3 Nbd7 17. Nxd7 Rxd7 18. Rxd7 Qxd7 19. Rd1 Qg4 20. Qxg4 Nxg4 21. Rd7 Rd8 22. Rxd8+ Bxd8 23. Bd6 b6 24. Nb5 a6 25. Na7 Nf6 26. Nc6 Ne4 27. Bf4 g5 28. Bb8 Bf6 29. Ba7 Nd6 30. Bxb6 Nc4 31. Bxc5 Nxb2 32. Bd4 Kg7 33. Kf1 Na4 34. Ne5 Nb2 35. Ke2 Bxe5 36. Bxe5+ Kg6 37. g4 f5 38. f3 f4 39. Bd4 h5 40. h3 hxg4 41. hxg4 Kf7 42. Kd2 Ke6 43. Kc2 Nc4 44. Kd3 Nb2+ 45. Kc2 Nc4 46. Bg7 Kf7 47. Bh8 Ke6 48. Kd3 Nd6 49. c4 Nf7 50. Bg7 Nd8 51. Ke4 Kf7 52. Bc3 Ke6 53. Kd4 Nb7 54. Bb4 Nd8 55. Kc5 Nf7 56. Bc3 Nd6 57. a4 Nc8 58. Ba5 Kd7 59. Bb4 Kc7 60. Kd4 Kd7 61. Bc5 a5 62. Kd5 Kc7 63. Bd4 Kd7 64. Kc5 Ke6 65. Bc3 Nd6 66. Bxa5 1-0

[Event "Plzen GM 13th"]
[Site "Plzen"]
[Date "2025.03.16"]
[Round "2"]
[White "Neuman, Petr"]
[Black "Kuegel, Tobias"]
[Result "1-0"]
[WhiteElo "2421"]
[BlackElo "2409"]
[PlyCount "129"]
[EventDate "2025.03.15"]
[EventType "tourn"]
[EventRounds "9"]
[EventCountry "CZE"]
[EventCategory "6"]
[SourceTitle "CB13_2025"]
[SourceDate "2025.03.26"]
[SourceVersion "1"]
[SourceVersionDate "2025.03.26"]
[SourceQuality "1"]

1. d4 Nf6 2. c4 g6 3. Nc3 Bg7 4. e4 d6 5. Nf3 0-0 6. Be2 e5 7. Be3 exd4 8. Nxd4 Re8 9. f3 c6 10. Bf2 d5 11. exd5 cxd5 12. 0-0 Nc6 13. c5 Nh5 14. Qd2 Be5 15. g3 Ng7 16. Rfd1 Be6 17. Ncb5 Nf5 18. Bf1 a6 19. Nxf5 Bxf5 20. Nd4 Nxd4 21. Bxd4 Qf6 22. Rac1 Rac8 23. b4 Rcd8 24. Qc3 h5 25. a4 h4 26. Bxe5 Qxe5 27. Qxe5 Rxe5 28. g4 Bd7 29. b5 axb5 30. axb5 Rc8 31. Kf2 g5 32. Rd4 Kf8 33. Ra4 Be8 34. Rd4 Ke7 35. Bd3 Ra8 36. Rc2 f6 37. Rb4 d4 38. Rxd4 Rc8 39. Re4 Rxe4 40. Bxe4 Bxb5 41. Bxb7 Rc7 42. Bd5 Rd7 43. Be4 Bd3 44. Bxd3 Rxd3 45. c6 Kd8 46. c7+ Kc8 47. h3 Rd5 48. Ke3 f5 49. f4 gxf4+ 50. Kxf4 fxg4 51. hxg4 h3 52. g5 Rd4+ 53. Kf5 Rd5+ 54. Kg4 Rd3 55. g6 Rd6 56. Kg5 Rd5+ 57. Kh6 Rd6 58. Kh7 Rd4 59. g7 Rh4+ 60. Kg6 Rg4+ 61. Kf6 Rg3 62. Kf7 Rf3+ 63. Kg6 Rg3+ 64. Kh7 h2 65. Rxh2 1-0

[Event "Prague op"]
[Site "Prague"]
[Date "2025.03.05"]
[Round "7"]
[White "Neuman, Petr"]
[Black "Ioannidis, Evgenios"]
[Result "0-1"]
[WhiteElo "2436"]
[BlackElo "2484"]
[PlyCount "86"]
[EventDate "2025.02.27"]
[EventType "swiss"]
[EventRounds "9"]
[EventCountry "CZE"]
[SourceTitle "CB11_2025"]
[SourceDate "2025.03.12"]
[SourceVersion "1"]
[SourceVersionDate "2025.03.12"]
[SourceQuality "1"]

1. e4 e5 2. Nf3 Nc6 3. d4 exd4 4. Nxd4 Qf6 5. Nf3 Bb4+ 6. c3 Bc5 7. Be2 h6 8. 0-0 Nge7 9. Qc2 d6 10. b4 Bb6 11. a4 a6 12. Nbd2 Ne5 13. Nxe5 dxe5 14. Nc4 Ba7 15. b5 0-0 16. bxa6 bxa6 17. a5 Ng6 18. Be3 Bxe3 19. Nxe3 Nf4 20. Bc4 Be6 21. Qa2 Rad8 22. Rad1 Bh3 23. f3 Qg5 24. Kh1 Be6 25. Bxe6 Nxe6 26. Qe2 h5 27. Rfe1 g6 28. Nd5 c6 29. Nb4 Nf4 30. Qf1 h4 31. h3 Rb8 32. Qf2 c5 33. Nxa6 Rb5 34. Nc7 Rxa5 35. Nd5 Rfa8 36. Nxf4 Qxf4 37. Re2 Ra1 38. Qe1 R1a3 39. Red2 Kg7 40. Rd7 Ra2 41. Qf1 Rc2 42. Qc4 Raa2 43. Rg1 Qxf3 0-1

[Event "CZE-chT1W 2425"]
[Site "Czech Republic"]
[Date "2025.03.02"]
[Round "9.3"]
[White "Neuman, Petr"]
[Black "Hak, David"]
[Result "0-1"]
[WhiteElo "2422"]
[BlackElo "2258"]
[PlyCount "88"]
[EventDate "2024.10.20"]
[EventType "team-tourn"]
[EventRounds "11"]
[EventCountry "CZE"]
[SourceTitle "CB16_2025"]
[SourceDate "2025.04.16"]
[SourceVersion "1"]
[SourceVersionDate "2025.04.16"]
[SourceQuality "1"]
[WhiteTeam "Kolesovice Cesky Lev"]
[BlackTeam "Pisek"]
[WhiteTeamCountry "CZE"]
[BlackTeamCountry "CZE"]

1. c4 g6 2. d4 Nf6 3. Nc3 Bg7 4. e4 0-0 5. Nf3 d6 6. Be2 e5 7. Be3 exd4 8. Nxd4 Re8 9. f3 c6 10. Bf2 d5 11. exd5 cxd5 12. 0-0 Nc6 13. c5 a6 14. Qd2 Be6 15. Rfd1 Qc7 16. Rac1 Nh5 17. g3 Bxd4 18. Bxd4 Nxg3 19. Bf2 Nh5 20. b3 Rad8 21. Bf1 d4 22. Ne4 Bd5 23. Nd6 Re6 24. Bxd4 Bxf3 25. Re1 Rexd6 26. cxd6 Qxd6 27. Be3 Qxd2 28. Bxd2 Rxd2 29. Rc3 Bd5 30. Rd3 Rxd3 31. Bxd3 Kg7 32. Re8 Nf4 33. Be4 Ne2+ 34. Kf1 Bxe4 35. Kxe2 f5 36. Rc8 Kf6 37. Ke3 h5 38. h4 Ne7 39. Rf8+ Ke6 40. Kf4 Nd5+ 41. Kg5 Ke7 42. Rb8 f4 43. Rxb7+ Kd6 44. Rf7 f3 0-1

[Event "Bundesliga 2425"]
[Site "Germany"]
[Date "2025.02.02"]
[Round "8.6"]
[White "Neuman, Petr"]
[Black "Jovanovic, Zoran"]
[Result "0-1"]
[WhiteElo "2422"]
[BlackElo "2525"]
[PlyCount "64"]
[EventDate "2024.09.28"]
[EventType "team-tourn"]
[EventRounds "15"]
[EventCountry "GER"]
[SourceTitle "CB06_2025"]
[SourceDate "2025.02.05"]
[SourceVersion "1"]
[SourceVersionDate "2025.02.05"]
[SourceQuality "1"]
[WhiteTeam "Bad Mergentheim"]
[BlackTeam "Kirchweyhe"]
[WhiteTeamCountry "GER"]
[BlackTeamCountry "GER"]

1. d4 d6 2. e4 Nf6 3. Nc3 e5 4. Nf3 exd4 5. Nxd4 Be7 6. Be2 0-0 7. Bf4 Nc6 8. Qd2 Nxd4 9. Qxd4 Be6 10. 0-0-0 a6 11. Kb1 b5 12. Bf3 c5 13. Qd2 b4 14. Na4 Qa5 15. b3 Rad8 16. Qe3 Ne8 17. e5 d5 18. Bg5 Bxg5 19. Qxg5 Nc7 20. Be2 d4 21. Rd3 c4 22. Rg3 g6 23. h4 d3 24. Bd1 Nb5 25. h5 Na3+ 26. Kc1 f6 27. exf6 d2+ 28. Kb2 c3+ 29. Ka1 Qxg5 30. Rxg5 Rxf6 31. hxg6 Bf5 32. gxh7+ Kh8 0-1

[Event "Bundesliga 2425"]
[Site "Germany"]
[Date "2025.01.12"]
[Round "6.7"]
[White "Neuman, Petr"]
[Black "Popovic, Dusan"]
[Result "1/2-1/2"]
[WhiteElo "2422"]
[BlackElo "2494"]
[PlyCount "83"]
[EventDate "2024.09.28"]
[EventType "team-tourn"]
[EventRounds "15"]
[EventCountry "GER"]
[SourceTitle "CB06_2025"]
[SourceDate "2025.02.05"]
[SourceVersion "1"]
[SourceVersionDate "2025.02.05"]
[SourceQuality "1"]
[WhiteTeam "Bad Mergentheim"]
[BlackTeam "Deggendorf"]
[WhiteTeamCountry "GER"]
[BlackTeamCountry "GER"]

1. e4 g6 2. d4 d6 3. Nc3 Bg7 4. h3 Nc6 5. Nf3 Nf6 6. Be2 0-0 7. 0-0 e5 8. dxe5 dxe5 9. Qxd8 Rxd8 10. Bg5 Be6 11. Rfd1 h6 12. Be3 Ne8 13. Bc5 b6 14. Bb5 Nd4 15. Bxd4 exd4 16. Nd5 c5 17. a4 Bxd5 18. exd5 Nc7 19. Bc6 Rac8 20. c4 dxc3 21. bxc3 Bxc3 22. Rac1 Bf6 23. d6 Ne6 24. Bb5 Nf8 25. g3 a6 26. Bxa6 Rc6 27. d7 Rxd7 28. Rxd7 Nxd7 29. Rd1 Ne5 30. Nxe5 Bxe5 31. Rd8+ Kg7 32. Bc4 Rd6 33. Rxd6 Bxd6 34. Kf1 f5 35. Ke2 Kf6 36. f4 g5 37. Kf3 Bc7 38. h4 gxf4 39. gxf4 Kg6 40. Kg3 Bd8 41. h5+ Kf6 42. Kf3 1/2-1/2

[Event "Wittelsbach op 11th"]
[Site "Kelheim"]
[Date "2024.12.28"]
[Round "3"]
[White "Neuman, Petr"]
[Black "Loos, Roland"]
[Result "1-0"]
[WhiteElo "2425"]
[BlackElo "2230"]
[PlyCount "111"]
[EventDate "2024.12.27"]
[EventType "swiss"]
[EventRounds "7"]
[EventCountry "GER"]
[SourceTitle "CB02_2025"]
[SourceDate "2025.01.08"]
[SourceVersion "1"]
[SourceVersionDate "2025.01.08"]
[SourceQuality "1"]

1. e4 e6 2. d4 d5 3. Nd2 c5 4. exd5 Qxd5 5. Ngf3 cxd4 6. Bc4 Qd6 7. Qe2 Nf6 8. Nb3 Nc6 9. Bg5 a6 10. 0-0-0 b5 11. Bd3 Be7 12. Nbxd4 Nxd4 13. Nxd4 0-0 14. Qf3 Qd5 15. Qxd5 Nxd5 16. Bxe7 Nxe7 17. Be4 Ra7 18. Nc6 Nxc6 19. Bxc6 Rc7 20. Rd6 g5 21. b4 Kg7 22. Kb2 Kf6 23. Rhd1 h5 24. a4 bxa4 25. c4 Bb7 26. Bxb7 Rxb7 27. Kc3 Rfb8 28. Rb1 Rb6 29. Rxb6 Rxb6 30. Ra1 e5 31. Rxa4 Ke7 32. Ra2 Kd7 33. Re2 Re6 34. c5 Kc6 35. Kc4 Rf6 36. g3 g4 37. Ra2 Kb7 38. Kd5 Rf3 39. Kxe5 Rb3 40. Kd6 Rxb4 41. Rd2 Rc4 42. Rb2+ Kc8 43. Kc6 Re4 44. Kb6 Ra4 45. Re2 Rb4+ 46. Kc6 Kd8 47. Rd2+ Ke7 48. Kc7 a5 49. Re2+ Kf6 50. c6 a4 51. Re3 Rb3 52. Kd7 Rb2 53. Rd3 Rb3 54. Rd6+ Ke5 55. c7 Rb7 56. Ra6 1-0

[Event "Wittelsbach op 11th"]
[Site "Kelheim"]
[Date "2024.12.27"]
[Round "1"]
[White "Neuman, Petr"]
[Black "Schoen, Rudolf"]
[Result "1-0"]
[WhiteElo "2425"]
[BlackElo "2003"]
[PlyCount "53"]
[EventDate "2024.12.27"]
[EventType "swiss"]
[EventRounds "7"]
[EventCountry "GER"]
[SourceTitle "CB02_2025"]
[SourceDate "2025.01.08"]
[SourceVersion "1"]
[SourceVersionDate "2025.01.08"]
[SourceQuality "1"]

1. d4 Nf6 2. c4 g6 3. Nc3 Bg7 4. e4 d6 5. Nf3 0-0 6. Be2 Nbd7 7. Be3 e5 8. d5 a5 9. Nd2 Ne8 10. 0-0 f5 11. f3 b6 12. a3 Nef6 13. b4 f4 14. Bf2 g5 15. Nb3 axb4 16. axb4 Bb7 17. c5 bxc5 18. bxc5 dxc5 19. Nxc5 Rxa1 20. Qxa1 Qa8 21. Ne6 Rc8 22. Qxa8 Rxa8 23. Rb1 Bc8 24. Nxc7 Ra3 25. N3b5 Ra2 26. Bc4 Ra4 27. Bb3 1-0

[Event "Wittelsbach op 11th"]
[Site "Kelheim"]
[Date "2024.12.27"]
[Round "2"]
[White "Zepke, Armin"]
[Black "Neuman, Petr"]
[Result "0-1"]
[WhiteElo "2111"]
[BlackElo "2425"]
[PlyCount "58"]
[EventDate "2024.12.27"]
[EventType "swiss"]
[EventRounds "7"]
[EventCountry "GER"]
[SourceTitle "CB02_2025"]
[SourceDate "2025.01.08"]
[SourceVersion "1"]
[SourceVersionDate "2025.01.08"]
[SourceQuality "1"]

1. c4 e5 2. Nc3 d6 3. g3 f5 4. Bg2 Nf6 5. d3 Be7 6. e4 c6 7. Nge2 0-0 8. 0-0 Na6 9. h3 Qe8 10. exf5 Bxf5 11. g4 Be6 12. b3 Qg6 13. Ng3 Nb4 14. g5 Nd7 15. Be4 Qe8 16. a3 Na6 17. h4 Bh3 18. b4 Bxf1 19. Kxf1 Nc7 20. Qg4 Nb6 21. Be3 g6 22. h5 d5 23. Bxb6 axb6 24. cxd5 Qf7 25. Ra2 cxd5 26. hxg6 hxg6 27. Qd7 dxe4 28. Qxc7 Rac8 29. Qxe5 Rxc3 0-1

[Event "CZE-ch Blitz"]
[Site "Brno"]
[Date "2024.12.21"]
[Round "8"]
[White "Babula, Vlastimil1"]
[Black "Neuman, Petr"]
[Result "1-0"]
[WhiteElo "2321"]
[BlackElo "2425"]
[PlyCount "53"]
[EventDate "2024.12.21"]
[EventType "swiss (blitz)"]
[EventRounds "15"]
[EventCountry "CZE"]
[SourceTitle "CB52_2024"]
[SourceDate "2024.12.25"]
[SourceVersion "1"]
[SourceVersionDate "2024.12.25"]
[SourceQuality "1"]

1. d4 d5 2. Nc3 Nf6 3. Bf4 c5 4. e3 cxd4 5. exd4 a6 6. Nf3 Bg4 7. h3 Bxf3 8. Qxf3 Nc6 9. 0-0-0 e6 10. g4 Rc8 11. g5 Nd7 12. h4 Qa5 13. Kb1 Bb4 14. Ne2 Be7 15. c3 Nb6 16. Nc1 Nc4 17. Nb3 Qb5 18. h5 a5 19. g6 a4 20. gxf7+ Kf8 21. Bxc4 dxc4 22. Nc1 a3 23. Rd2 axb2 24. Rxb2 Qf5+ 25. Ka1 Bd6 26. Ne2 b5 27. Bxd6+ 1-0

[Event "CZE-ch Blitz"]
[Site "Brno"]
[Date "2024.12.21"]
[Round "5"]
[White "Neuman, Petr"]
[Black "Navara, David"]
[Result "0-1"]
[WhiteElo "2425"]
[BlackElo "2665"]
[PlyCount "106"]
[EventDate "2024.12.21"]
[EventType "swiss (blitz)"]
[EventRounds "15"]
[EventCountry "CZE"]
[SourceTitle "CB52_2024"]
[SourceDate "2024.12.25"]
[SourceVersion "1"]
[SourceVersionDate "2024.12.25"]
[SourceQuality "1"]

1. c4 e5 2. g3 c6 3. d4 e4 4. Nc3 d5 5. a3 Nf6 6. Bg5 Nbd7 7. cxd5 cxd5 8. f3 exf3 9. exf3 Be7 10. Bd3 0-0 11. Nge2 Re8 12. 0-0 Nf8 13. Qd2 Bh3 14. Rfe1 Ne6 15. Be3 Rc8 16. Rac1 Nc7 17. Nf4 Bd7 18. Bf2 Bc6 19. Bf5 Rb8 20. Nd3 Bd7 21. Bxd7 Nxd7 22. Ne5 Bd6 23. Nxd7 Qxd7 24. Rxe8+ Rxe8 25. Re1 Rxe1+ 26. Qxe1 h5 27. Kg2 h4 28. Qd1 Ne6 29. Be3 hxg3 30. hxg3 Bc7 31. Qb3 Qd6 32. Bf2 Nxd4 33. Qxd5 Nc6 34. Qxd6 Bxd6 35. f4 f5 36. Kf3 Kf7 37. Ke2 a6 38. Kd3 Ke6 39. Ne2 g6 40. Nd4+ Nxd4 41. Kxd4 b6 42. Kc4 b5+ 43. Kd3 Kd5 44. Be3 a5 45. Bd2 a4 46. Bb4 Bc7 47. Be7 Bb6 48. Bf6 Bf2 49. Bh4 Bd4 50. Kc2 Ke4 51. b3 Bc5 52. Kb2 Kf3 53. bxa4 bxa4 0-1

[Event "Bundesliga 2425"]
[Site "Germany"]
[Date "2024.11.30"]
[Round "3.6"]
[White "Movsesian, Sergei"]
[Black "Neuman, Petr"]
[Result "1/2-1/2"]
[WhiteElo "2616"]
[BlackElo "2422"]
[PlyCount "95"]
[EventDate "2024.09.28"]
[EventType "team-tourn"]
[EventRounds "15"]
[EventCountry "GER"]
[SourceTitle "CB49_2024"]
[SourceDate "2024.12.04"]
[SourceVersion "1"]
[SourceVersionDate "2024.12.04"]
[SourceQuality "1"]
[WhiteTeam "Baden-Baden"]
[BlackTeam "Bad Mergentheim"]
[WhiteTeamCountry "GER"]
[BlackTeamCountry "GER"]

1. e4 c5 2. Nc3 d6 3. Nge2 e5 4. g3 g6 5. Nd5 Bg7 6. d3 Nf6 7. Nxf6+ Bxf6 8. Nc3 Be6 9. Bg2 h5 10. 0-0 Nc6 11. f4 Bg4 12. Qd2 exf4 13. Qxf4 Bd4+ 14. Be3 Qd7 15. Bxd4 Nxd4 16. Qf6 0-0 17. Qg5 Be6 18. Rf2 Kg7 19. e5 Qd8 20. Qf4 d5 21. Raf1 Nf5 22. Nd1 Qb6 23. Ne3 Nxe3 24. Qxe3 Qxb2 25. c4 Qd4 26. Qxd4 cxd4 27. cxd5 Bf5 28. Rf4 Rfe8 29. Re1 Bxd3 30. Rxd4 Bf5 31. d6 Rad8 32. Bxb7 f6 33. exf6+ Kxf6 34. Rxe8 Rxe8 35. Ra4 Re1+ 36. Kf2 Rd1 37. Rxa7 Ke5 38. Ra6 Rd2+ 39. Kg1 Rd1+ 40. Kf2 Rd2+ 41. Ke3 Rxh2 42. Be4 Be6 43. Bxg6 h4 44. Be8 Rh3 45. Bb5 Rxg3+ 46. Kf2 Rg7 47. d7 Bxd7 48. Bxd7 1/2-1/2

[Event "CZE-chT1W 2425"]
[Site "Czech Republic"]
[Date "2024.11.24"]
[Round "3.3"]
[White "Neuman, Petr"]
[Black "Mejzlik, Ondrej"]
[Result "1-0"]
[WhiteElo "2422"]
[BlackElo "2259"]
[PlyCount "81"]
[EventDate "2024.10.20"]
[EventType "team-tourn"]
[EventRounds "11"]
[EventCountry "CZE"]
[SourceTitle "CB16_2025"]
[SourceDate "2025.04.16"]
[SourceVersion "1"]
[SourceVersionDate "2025.04.16"]
[SourceQuality "1"]
[WhiteTeam "Kolesovice Cesky Lev"]
[BlackTeam "Vlasim Spartak"]
[WhiteTeamCountry "CZE"]
[BlackTeamCountry "CZE"]

1. e4 c6 2. Nf3 d5 3. d3 Bg4 4. h3 dxe4 5. hxg4 exf3 6. Qxf3 e6 7. c3 Qd5 8. d4 Qxf3 9. gxf3 Nd7 10. Be3 Bd6 11. Nd2 Ne7 12. Ne4 Bc7 13. Bc4 Ng6 14. 0-0-0 h6 15. Ng3 Nb6 16. Bd3 Nd5 17. Nh5 0-0 18. Bc2 Ndf4 19. Kb1 Nxh5 20. Rxh5 Nf4 21. Rhh1 Rfe8 22. c4 Rad8 23. Be4 a6 24. a3 Ng2 25. Rhg1 Nxe3 26. fxe3 f5 27. Bc2 f4 28. exf4 Bxf4 29. Rge1 Kf7 30. Re4 g5 31. Bb3 e5 32. c5+ Kf6 33. d5 cxd5 34. Rxd5 Ke7 35. Rb4 Rb8 36. Rb6 Red8 37. Re6+ Kf8 38. Rxh6 Kg7 39. Rb6 Be3 40. Rxe5 Bf4 41. Re7+ 1-0

[Event "CZE-chT 2425"]
[Site "Czech Republic"]
[Date "2024.11.02"]
[Round "1.3"]
[White "Bouska, Jiri"]
[Black "Neuman, Petr"]
[Result "0-1"]
[WhiteElo "2227"]
[BlackElo "2426"]
[PlyCount "64"]
[EventDate "2024.11.01"]
[EventType "team-tourn"]
[EventRounds "11"]
[EventCountry "CZE"]
[SourceTitle "CB45_2024"]
[Source "ChessBase"]
[SourceDate "2024.11.06"]
[SourceVersion "1"]
[SourceVersionDate "2024.11.06"]
[SourceQuality "1"]
[WhiteTeam "Pardubice Gasco"]
[BlackTeam "Turnov Zikuda"]
[WhiteTeamCountry "CZE"]
[BlackTeamCountry "CZE"]

1. e4 c5 2. Nf3 Nc6 3. d4 cxd4 4. Nxd4 Nf6 5. Nc3 e5 6. Ndb5 d6 7. Nd5 Nxd5 8. exd5 Nb8 9. c4 Be7 10. Bd3 0-0 11. 0-0 a6 12. Nc3 f5 13. f3 Nd7 14. Kh1 Bg5 15. Qc2 Bxc1 16. Raxc1 Qg5 17. b4 e4 18. Be2 exf3 19. Bxf3 Ne5 20. c5 Bd7 21. c6 Nxf3 22. cxb7 Rab8 23. Rxf3 Rxb7 24. a3 Rc7 25. Rg3 Qh6 26. Qb2 f4 27. Rd3 Bf5 28. Rdd1 f3 29. Qf2 fxg2+ 30. Qxg2 Qe3 31. Rg1 Bg6 32. Qg3 Rxc3 0-1

[Event "Olomouc GM 25th"]
[Site "Olomouc"]
[Date "2024.08.17"]
[Round "9"]
[White "Pacher, Milan"]
[Black "Neuman, Petr"]
[Result "1/2-1/2"]
[WhiteElo "2365"]
[BlackElo "2426"]
[PlyCount "22"]
[EventDate "2024.08.10"]
[EventType "tourn"]
[EventRounds "9"]
[EventCountry "CZE"]
[SourceTitle "CBM 221 Extra"]
[Source "ChessBase"]
[SourceDate "2024.09.30"]
[SourceVersion "1"]
[SourceVersionDate "2024.09.30"]
[SourceQuality "1"]

1. e4 e5 2. Nf3 Nf6 3. Nxe5 d6 4. Nf3 Nxe4 5. d3 Nf6 6. d4 d5 7. Bd3 Bd6 8. 0-0 0-0 9. c3 c6 10. Bg5 Bg4 11. Nbd2 Nbd7 1/2-1/2

[Event "Olomouc GM 25th"]
[Site "Olomouc"]
[Date "2024.08.11"]
[Round "2"]
[White "Neuman, Petr"]
[Black "Polak, Tomas"]
[Result "1/2-1/2"]
[WhiteElo "2426"]
[BlackElo "2514"]
[PlyCount "20"]
[EventDate "2024.08.10"]
[EventType "tourn"]
[EventRounds "9"]
[EventCountry "CZE"]
[SourceTitle "CBM 221 Extra"]
[Source "ChessBase"]
[SourceDate "2024.09.30"]
[SourceVersion "1"]
[SourceVersionDate "2024.09.30"]
[SourceQuality "1"]

1. d4 d5 2. c4 e6 3. Nc3 Nf6 4. cxd5 exd5 5. Bg5 c6 6. e3 Be7 7. Bd3 0-0 8. Nge2 Nbd7 9. 0-0 Re8 10. Qc2 Nf8 1/2-1/2